000 00617nam a2200169Ia 4500
008 090123s9999 xx 000 0 und d
082 _b33668
100 _aजायस्वाल जयनारायण
245 _aतुमची सुंदर त्वचा
250 _a3
260 _bगोपाल ग्रंथ गृह
600 _aजायस्वाल जयनारायण
630 _aतुमची सुंदर त्वचा
700 _aजायस्वाल जयनारायण
730 _aतुमची सुंदर त्वचा
942 _cBOOK
999 _c71727
_d71727